The last song [Large Print] / Nicholas Sparks.
Available copies
- 1 of 1 copy available at LARL/NWRL Consortium.
Current holds
0 current holds with 1 total copy.
View other formats and editions
Show Only Available Copies
| Location | Call Number / Copy Notes | Barcode | Shelving Location | Status | Due Date |
|---|---|---|---|---|---|
| Grygla LINK Site | lp SPA (Text) | 35500004703417 | Main | Available | - |
Record details
- ISBN: 9780446549158 :
- ISBN: 0446549150 :
- Physical Description: ix, 644 p. (large print) ; 22 cm.
- Edition: 1st large print ed.
- Publisher: New York : Grand Central Pub. Large Print, 2009.
Content descriptions
| Summary, etc.: | "Seventeen-year-old Veronica 'Ronnie' Miller's ... Read More |
Search for related items by subject
| Subject: | Teenage girls > Fiction. Divorced parents > Fiction. North Carolina > Fiction. |
| Genre: | Large type books. Bildungsromans. Love stories. |
| LDR | 01753cam a2200373Ia 4500 | ||
|---|---|---|---|
| 001 | 106231 | ||
| 003 | LARL_NWRL_CONSORTIUM | ||
| 005 | 20170629180554.0 | ||
| 008 | 090420r20092009nyu d 000 1 eng d | ||
| 010 | . | ‡a2009024801 | |
| 020 | . | ‡a9780446549158 : ‡c$26.99 | |
| 020 | . | ‡a0446549150 : ‡c$26.99 | |
| 035 | . | ‡a(OCoLC)778939894 | |
| 040 | . | ‡aBTCTA ‡cBTCTA ‡dZGX ‡dOCP ‡dNSB ‡dP@N | |
| 043 | . | ‡an-us-nc | |
| 092 | . | ‡a[Fic] ‡bSparks | |
| 100 | 1 | . | ‡aSparks, Nicholas. ‡0(LARL_NWRL_CONSORTIUM)154366 |
| 245 | 1 | 4. | ‡aThe last song ‡h[Large Print] / ‡cNicholas Sparks. |
| 250 | . | ‡a1st large print ed. | |
| 260 | . | ‡aNew York : ‡bGrand Central Pub. Large Print, ‡c2009. | |
| 300 | . | ‡aix, 644 p. (large print) ; ‡c22 cm. | |
| 520 | . | ‡a"Seventeen-year-old Veronica 'Ronnie' Miller's life was turned upside-down when her parents divorced and her father moved to Wrightsville Beach, North Carolina. Three years later, she remains alienated from her parents, particularly her father-- until her mother decides it would be in everyone's best interest if she and her brother spent the summer with him"--Jacket. | |
| 650 | 0. | ‡aTeenage girls ‡vFiction. ‡0(LARL_NWRL_CONSORTIUM)167625 | |
| 650 | 0. | ‡aDivorced parents ‡vFiction. | |
| 651 | 0. | ‡aNorth Carolina ‡vFiction. ‡0(LARL_NWRL_CONSORTIUM)166409 | |
| 655 | 0. | ‡aLarge type books. | |
| 655 | 7. | ‡aBildungsromans. ‡2gsafd | |
| 655 | 7. | ‡aLove stories. ‡2gsafd | |
| 901 | . | ‡a106231 ‡bOCLC ‡c106231 ‡tbiblio | |

Add to basket
Permalink
Disable Highlighting